Les 20 plus grandes aires urbaines d'Amérique latine - Statistiques

Statistiques générales
  • Ce quiz a été pris 311 fois
  • Le résultat moyen est 14 sur 20
Statistiques - réponses
Pays Population Aire urbaine % Correct
Mexique 21 634 279 Mexico
99%
Brésil 12 699 743 Rio de Janeiro
98%
Argentine 15 095 458 Buenos Aires
96%
Pérou 12 104 036 Lima
93%
Colombie 10 985 285 Bogotá
92%
Brésil 36 315 721 São Paulo
92%
Brésil 4 560 505 Brasilia
90%
Chili 8 310 984 Santiago
86%
Venezuela 4 938 596 Caracas
80%
Guatemala 5 484 569 Guatemala
71%
Haïti 3 744 077 Port-au-Prince
67%
Colombie 3 909 729 Medellín
66%
Mexique 5 265 099 Guadalajara
53%
République dominicaine 4 263 801 Saint-Domingue
50%
Colombie 4 022 967 Cali
46%
Brésil 5 916 189 Belo Horizonte
44%
Mexique 5 228 659 Monterrey
42%
Brésil 4 054 866 Recife
36%
Brésil 4 317 508 Porto Alegre
34%
Brésil 4 074 730 Fortaleza
27%
Aucun quiz correspondant
Distribution des résultats
% des personnes avec chaque résultat
Percentile par nombre de réponses
Votre historique - résultats
Vous n’avez pas pris ce quiz